000 00694nam a2200217 i 4500
001 000034114
003 DO-SdBNP
005 20240925133935.0
007 ta
008 110926s19uu gw c 000 0 ger d
040 _aDO-SdBNP
_bspa
_cBNPHU
_erda
082 4 _222
100 1 _aFiallo, Fabio,
_d1866-1942
_934816
245 1 0 _aZarte Geschichten /
_cFabio Fiallo ; Deutsch bearbeitet und herausgegeben von Alfred Katz und E. Sánchez y Rosal.
264 _aBerlín, Alemania :
_bSánchez y Rosal Hermanos,
_c19-?.
300 _a172 páginas ;
_c22 cm.
336 _2rdacontent
_atexto
_btxt
337 _2rdamedia
_asin mediación
_bn
338 _2rdacarrier
_avolumen
_bnc
942 _2ddc
_cLBS1
999 _c33605
_d33605